Мандрівка в безвість (Запис № 371200)

МАРК-запис
000 -Лідер
fixed length control field 00647nam a22002297a 4500
003 - Ідентифікатор контрольного номера
control field UA-OsUOA
001 - Контрольний номер
control field 84853
007 - Фіксоване поле фізичного опису
fixed length control field ta
008 - Елементи даних фіксованої довжини – загальна інформація
fixed length control field 20120611b un ||||| |||| 00| 0 ukr d
090 ## - Локальний шифр розміщення
Класифікаційний індекс УДК 821.161.2
Авторський знак (НП) Г14
040 ## - Джерело каталогізації
Агенція оригінальної каталогізації UA-OsUOA
Мова каталогізації ukr
Агенція, яка здійснювала перезапис UA-OsUOA
Агенція, яка здійснювала модифікацію UA-OsUOA
041 ## - Код мови
Код мови тексту/ звукової доріжки чи окремого заголовка (П) ukr
080 ## - Індекс Універсальної десяткової класифікації
Індекс Універсальної десяткової класифікації (УДК) (НП) 821.161.2
100 ## - Основне введення – ім’я особи
Ім’я особи (НП) Гай В.
245 ## - Відомості про назву
Назва (НП) Мандрівка в безвість
Решта назви (НП) фантастична повість
260 ## - Публікація, розповсюдження і т.п. (Вихідні дані)
Ім’я/ наймення видавництва, розповсюджувача і т.п. (П) Універсальна бібліотека
Дата публікації, розповсюдження і т.п. (П) 1947
300 ## - Фізичний опис
Обсяг 67 с.
650 #7 - Додаткове предметне введення – тематичний термін
Тематичний термін чи географічна назва, як елемент введення (НП) 82 Література. Літературознавство
Джерело заголовка чи терміна UDC
942 ## - Додаткові елементи входу (Коха)
Тип елемента Koha Книги
955 ## - Код типу видання за змістом
Код типу видання за змістом (НП) Літературно-художні видання
Фонди
Стан вилучень Стан втрат Джерело класифікації або схеми стелажів Стан уражень Не для кредиту Код колекції Постійне місце розташування Поточне розміщення Дата придбання Джерело придбання Вартість, звичайна ціна покупки Інвентарний номер Усього замовленно Повний номер виклику Штрих-код Дата останнього перегляду Ціна ефективна від Тип елемента Koha
Withdrawn   Universal Decimal Classification     Колекція бібліотеки інституту Св. Івана АБ - Абонемент НБ АБ - Абонемент НБ 11/06/2012 48/2012 1.00 139108   821.161.2 Г14 139108 13/07/2019 11/06/2012 Книги
    Universal Decimal Classification       АБ - Абонемент НБ АБ - Абонемент НБ 22/06/2016 29/2016 5.00 151528   821.161.2 Г14 151528 14/03/2022 11/06/2012 Книги
Withdrawn   Universal Decimal Classification       АБ - Абонемент НБ АБ - Абонемент НБ 24/10/2012     58583   821.161.2 Г14 58583 13/07/2019 11/06/2012 Книги
Withdrawn   Universal Decimal Classification       АБ - Абонемент НБ АБ - Абонемент НБ 24/10/2012     58584   821.161.2 Г14 58584 13/07/2019 11/06/2012 Книги
Withdrawn   Universal Decimal Classification       АБ - Абонемент НБ АБ - Абонемент НБ 24/10/2012     58585   821.161.2 Г14 58585 13/07/2019 11/06/2012 Книги